Normal view MARC view
  • Países en desarrollo

Entry Nombre Geográfico

Number of records used in: 7

001 - NÚMERO DE CONTROL

  • campo de control: 8385

003 - IDENTIFICADOR DE NUMERO DE CONTROL

  • campo de control: MX-MxUPN

005 - FECHA Y HORA DE LA ÜLTIMA TRANSACCIÓN

  • campo de control: 20240516173727.0

008 - DATOS DE LONGITUD FIJA

  • campo de control de longitud fija: 240516nnbfnnnnbaba n ana |d

035 ## - NÚMERO DE CONTROL

  • Número de control: UPN10000008391

040 ## - FUENTE DE CATALOGACIÓN

  • Agencia de catalogación original: MX-MxUPN
  • Lenguaje de catalogación: spa

151 ## - ENCABEZAMIENTO - NOMBRE GEOGRÁFICO

  • Nombre geográfico: Países en desarrollo
  • Subdivisión general : Condiciones sociales

670 ## - FUENTE EN LA QUE SE LOCALIZARON DATOS

  • Cita de la fuente: LC Authorities, 16 mayo 2024 :
  • Información localizada: (Developing countries -- Social conditions)
  • Uniform Resource Identifier: https://lccn.loc.gov/sh2008117507

902 ## - CATALOGADOR

  • Catalogador: MEEG/051207
  • Catalogador: VíctorGodínez/160524